|
|
แสดงรายละเอียดบรรณานุกรม |
|
|
Brief Record
: Get Marc (ISO 2709)
: E-mail record
: |
|
|
| LEADER 00000nam 2200000uu 4500 | |||
| 001 213880 | |||
| 003 ULIBM | |||
| 008 230905s||||||||th 000 0 tha d | |||
| 020 ^ ^a9789740337874 | |||
| 041 ^atha | |||
| 050 ^4 ^aLB2806.15^bพ975ห 2562 | |||
| 100 0 ^aไพฑูรย์ สินลารัตน์. | |||
| 245 10 ^aหลักคิด:^bการจัดการหลักสูตรและการสอน /^cไพฑูรย์ สินลารัตน์. | |||
| 250 ^ ^aพิมพ์ครั้งที่ 5. | |||
| 260 ^ ^aกรุงเทพฯ :^bสำนักพิมพ์แห่งจุฬาลงกรณ์มหาวิทยาลัย,^c2562. | |||
| 300 ^ ^a245 หน้า :^bภาพประกอบ;^c21 ซม. | |||
| 650 ^4 ^aการวางแผนหลักสูตร. | |||
| 650 ^4 ^aการศึกษา^xหลักสูตร. | |||
| 650 ^4 ^aหลักสูตร^xการบริหาร. | |||
| 650 ^4 ^aระบบการเรียนการสอน. | |||
| 999 ^aใช้งานได้ทุกระบบ | |||
| คุณยังไม่ได้ล็อกอิน คุณสามารถมีกิจกรรมร่วมกับเว็บไซต์ได้ แต่ต้องล็อกอินก่อน :: |
|
| สถานะ | |||||||||
| 1. | หนังสือทั่วไป | LB2806.15 พ975ห 2562 ฉ.1 | ถูกยืม กำหนดส่งวันที่ จอง | ||||||
| Note:จัดซื้อปีงบประมาณ 2565 | |||||||||
| 2. | หนังสือทั่วไป | LB2806.15 พ975ห 2562 ฉ.2 | On Shelf ขอยืม | ||||||
| Note:จัดซื้อปีงบประมาณ 2565 | |||||||||
| [แสดง 2/2 รายการ] | |||||||||
| รายการใกล้เคียง ผู้แต่ง [ไพฑูรย์ สินลารัตน์.] หัวเรื่อง [การวางแผนหลักสูตร.]
|
BibComment |
| คอมเมนท์ทรัพยากรรายการนี้ |
|
|